000 00429nam a2200193Ia 4500
005 20250423100853.0
008 250422s9999 xx 000 0 und d
020 _a0-262-02352-0
050 _aLB1060.B78
100 _aJohn T. Bruer
245 0 _aSchools For Thought
250 _aFirst Edition
260 _aUSA
260 _bJohn T. Bruer
260 _c1997
300 _a324 p
650 _aPsychology
942 _cBK
999 _c34594
_d34594